000 00598nam a2200181Ia 4500
008 151202s9999||||xx |||||||||||||| ||und||
082 _bPNVM-13115
100 _aकाणेकर अनंत.
245 _aनिशिकांताची नवरी.
260 _b"रा.ज.देशमुख,पुणे."
260 _c0
300 _a64
600 _aकाणेकर अनंत.
630 _aनिशिकांताची नवरी.
700 _aकाणेकर अनंत.
730 _aनिशिकांताची नवरी.
942 _cBOOK
999 _c1279102
_d1279099